书目信息 |
| 题名: |
道路建筑材料
|
|
| 作者: | 李立寒 , 张南鹭 编著 | |
| 分册: | ||
| 出版信息: | 上海 同济大学出版社 1999.07 |
|
| 页数: | 286页 | |
| 开本: | 16开 | |
| 丛书名: | ||
| 单 册: | ||
| 中图分类: | U414 | |
| 科图分类: | ||
| 主题词: | 道路工程 | |
| 电子资源: | ||
| ISBN: | 7-5608-2069-7 | |
| 000 | 00591nam0 2200205 45 | |
| 001 | 0009161830 | |
| 005 | 20001119105818.1 | |
| 010 | @a7-5608-2069-7@d24.00元 | |
| 100 | @a20000916d1999 km y0chiy0120 ea | |
| 101 | 0 | @achi |
| 105 | @a z 000yy | |
| 200 | 1 | @a道路建筑材料@ADao Lu Jian Zhu Cai Liao@f李立寒,张南鹭编著@FLi Li Han,Zhang Nan Lu Bian Zhu |
| 210 | @a上海@c同济大学出版社@d1999.07 | |
| 215 | @a286页@d16开 | |
| 606 | 0 | @a道路工程 |
| 690 | @aU414@v3 | |
| 701 | 0 | @a李立寒@4编著 |
| 701 | 0 | @a张南鹭@4编著 |
| 801 | @aCN@bPftUser@c20000916 | |
| 905 | @dU414@eL297@b417128-137@f10 | |
| 道路建筑材料/李立寒,张南鹭编著.-上海:同济大学出版社,1999.07 |
| 286页;16开 |
| ISBN 7-5608-2069-7:24.00元 |
| ● |
| 相关链接 |
|
|
|
正题名:道路建筑材料
索取号:U414/L297
 
预约/预借
| 序号 | 登录号 | 条形码 | 馆藏地/架位号 | 状态 | 备注 |
| 1 | 404985 | 204049859 | 土木与交通工程学院资料室/土木与交通学院资料室 1排1列1层/ [索取号:U414/L297] | 在馆 | |
| 2 | 404986 | 204049868 | 土木与交通工程学院资料室/土木与交通学院资料室 1排1列1层/ [索取号:U414/L297] | 在馆 | |
| 3 | 404987 | 204049877 | 土木与交通工程学院资料室/土木与交通学院资料室 1排1列1层/ [索取号:U414/L297] | 在馆 | |
| 4 | 404988 | 204049886 | 土木与交通工程学院资料室/土木与交通学院资料室 1排1列1层/ [索取号:U414/L297] | 在馆 | |
| 5 | 417128 | 204171289 | 土木与交通工程学院资料室/土木与交通学院资料室 1排1列1层/ [索取号:U414/L297] | 在馆 | |
| 6 | 417129 | 204171298 | 自科库501/501自科库 51排6列3层/ [索取号:U414/L297] | 在馆 | |
| 7 | 417130 | 204171305 | 土木与交通工程学院资料室/土木与交通学院资料室 1排1列1层/ [索取号:U414/L297] | 在馆 | |
| 8 | 417131 | 204171314 | 土木与交通工程学院资料室/土木与交通学院资料室 1排1列1层/ [索取号:U414/L297] | 在馆 | |
| 9 | 417132 | 204171323 | 土木与交通工程学院资料室/土木与交通学院资料室 1排1列1层/ [索取号:U414/L297] | 在馆 | |
| 10 | 417133 | 204171332 | 自科库501/501自科库 51排6列3层/ [索取号:U414/L297] | 在馆 | |
| 11 | 417134 | 204171341 | 土木与交通工程学院资料室/土木与交通学院资料室 1排1列1层/ [索取号:U414/L297] | 在馆 | |
| 12 | 417135 | 204171350 | 自科库501/501自科库 51排6列3层/ [索取号:U414/L297] | 在馆 | |
| 13 | 417136 | 204171369 | 土木与交通工程学院资料室/土木与交通学院资料室 1排1列1层/ [索取号:U414/L297] | 在馆 | |
| 14 | 417137 | 204171378 | 土木与交通工程学院资料室/土木与交通学院资料室 1排1列1层/ [索取号:U414/L297] | 在馆 |